000 01400nam a2200301 i 4500
001 174600
003 ES-MaACL
005 20251118181727.0
008 100510s2002 sp af |||| | spa d
080 _a821.134.2(082.2)
245 0 0 _aLugares y tiempos en la Biblioteca Castro.
250 _aEd. no venal.
260 _aMadrid :
_bFundación José Antonio de Castro,
_c2002.
300 _aVIII, 94 p. :
_bil. col. ;
_c24 cm.
490 1 _aBiblioteca Castro
594 _aSelección de fragmentos de obras de: Juan Pérez de Montalbán ; Benito Pérez Galdós ; Gustavo Adolfo Bécquer ; Alfonso X El Sabio ; Jorge de Montemayor ; Luis de Góngora ; Juan Antonio Gaya Nuño ; Mariano José de Larra ; Juan Solórzano Pereira ; Antonio de Torquemada ; Rosalía de Castro ; Miguel de Unamuno.
596 _aObsequio de la Fundación José Antonio de Castro.
599 _aIlustrado con: 1 lám. de J. Gutiérrez Solana y 7 lám. de Pieter Brueghel.
650 7 _aLiteratura española
_2embne
_914539
650 4 _aLiteratura española-
_xTemas.
_914575
700 1 _aPérez de Montalbán, Juan,
_d1602-1638
_990793
700 1 _aPérez Galdós, Benito,
_d1843-1920
_990871
700 1 _aBécquer, Gustavo Adolfo,
_d1836-1870
_926974
710 2 _aFundación José Antonio de Castro.
_94339
830 1 _aBiblioteca Castro
_9178957
852 4 _aES-MaACL
_jC-57208
999 _c174600
_d174600